00399nam a2200121Ia 4500008004100000020001800041050002500059100002400084245008000108260005300188300002900241521000700270140609s9999 xx 000 0 und d a9789712724503 aPL 6063b.C335 2011 aCasanova, Arthur P. aKlasrum drama :bmga anyo ng dulaan para sa paaralan /cArthur P. Casanova, aManila, Philippines :bAnvil Publishing,cc2011. a250 p. :bill. ;c26 cm. aGE